01872nam a2200253 a 4500008004100000050001700041245002500058246001900083260003900102350000900141362001600150650003700166650002700203995014500230995015100375995014000526995015400666995015100820995015600971995016101127995015901288995015401447999001701601120416s2003 ||||||||||||||||| || u aIBRD(058)LDB14aThe little data book aThe World Bank aWashington, D.C.bWorld Bankc2003 a0.001 a2000 - 2008 0aECONOMIC DEVELOPMENT--STATISTICS aDEVELOPMENT INDICATORS aSPECIAL COLLECTIONSe48887FCBU-MAIN LIBRARY (Kitwe)I0.00jIBRD(058)LDB/2004M9UAVAILABLEWApr 17, 2014y48887ZInternational Publications aSPECIAL COLLECTIONSe03000392FCBU-MAIN LIBRARY (Kitwe)I0.00jIBRD(058)LDB/2006M6UAVAILABLEWApr 15, 2014y03000392ZInternational Publications aSPECIAL COLLECTIONSD0.00e52237FCBU-MAIN LIBRARY (Kitwe)H1I0.00jIBRD(058)LDB/2003M1UAVAILABLEy52237ZInternational Publications aSPECIAL COLLECTIONSD0.00e45034FCBU-MAIN LIBRARY (Kitwe)H1I0.00jIBRD(058)LDB/2001M3UAVAILABLEWApr 30, 2008y45034ZInternational Publications aSPECIAL COLLECTIONSe03003183FCBU-MAIN LIBRARY (Kitwe)I0.00jIBRD(058)LDB/2008M8UAVAILABLEWApr 15, 2014y03003183ZInternational Publications aSPECIAL COLLECTIONSD0.00e028517FCBU-MAIN LIBRARY (Kitwe)H1I0.00jIBRD(058)LDB/2000M4UAVAILABLEWApr 30, 2008y028517ZInternational Publications aSPECIAL COLLECTIONSe9780821369654FCBU-MAIN LIBRARY (Kitwe)I0.00jIBRD(058)LDB/2007M7UAVAILABLEWApr 15, 2014y9780821369654ZInternational Publications aSPECIAL COLLECTIONSe978082360750FCBU-MAIN LIBRARY (Kitwe)I0.00jIBRD(058)LDB/2005M5UAVAILABLEWApr 15, 2014y978082360750ZInternational Publications aSPECIAL COLLECTIONSD0.00e46376FCBU-MAIN LIBRARY (Kitwe)H1I0.00jIBRD(058)LDB/2002M2UAVAILABLEWApr 30, 2008y46376ZInternational Publications c80738d80738